Aunar fuerzas en pro de la democracia, el desarrollo y la diversidad cultural
Salvato in:
| Ente Autore: | |
|---|---|
| Natura: | Libro |
| Lingua: | spagnolo |
| Pubblicazione: |
París
UNESCO
1994
|
| Soggetti: | |
| Tags: |
Aggiungi Tag
Nessun Tag, puoi essere il primo ad aggiungerne!!
|
MARC
| LEADER | 00000nam a2200000 a 4500 | ||
|---|---|---|---|
| 001 | UCU7430 | ||
| 003 | CL-VaPUC | ||
| 008 | 960705e19940000FR |||||||||||||||||spa|d | ||
| 082 | 0 | 4 | |a 361.6 |b UNE |2 21 |
| 110 | 2 | |a UNESCO |e author |9 366265 | |
| 245 | 1 | 0 | |a Aunar fuerzas en pro de la democracia, el desarrollo y la diversidad cultural |
| 300 | |a 64 p | ||
| 942 | |c BK | ||
| 945 | |d 19960705 00:00:00 |a rbrito | ||
| 260 | |a París |b UNESCO |c 1994 | ||
| 650 | 0 | |a Medio ambiente |9 257625 | |
| 650 | 7 | |a PROTECCION |2 CL-VaPUC |9 366266 | |
| 650 | 7 | |a PLANIFICACION AMBIENTAL |2 CL-VaPUC |9 337987 | |
| 650 | 7 | |a DESARROLLO |2 CL-VaPUC |9 258144 | |
| 650 | 0 | |a Desarrollo cultural |9 267526 | |
| 650 | 0 | |a Población |9 257577 | |
| 651 | 0 | |a América Latina |9 255027 | |
| 651 | 7 | |a ISLAS CARIBES |2 CL-VaPUC |9 255533 | |
| 583 | |a last modification |c 19960705 00:00:00 |k Rodrigo Vera | ||
| 999 | |c 250078 |d 250076 | ||
| 952 | |0 0 |1 0 |4 0 |6 361_600000000000000_UNE_1994 |7 0 |8 A |9 267831 |a BIBEDU |b BIBEDU |d 2019-11-19 |i 3204456 |o 361.6 UNE 1994 |p 3204456 |r 2019-11-19 |w 2019-11-19 |y BK |k EDU | ||